00424nam a2200169 a 450000100060000000300090000600800410001502000150005604000280007108200160009910000290011524500180014426000380016230000110020050000240021165000190023514811CO-ViMGA141112s2004 ck r 000 u spa d a9589005047 aCO-ViMGAbspacCO-ViMGA04aFr863bM1571 aMantilla Trejos, Eduardo10aLENCHO ALFARO aBogotá, cImpresor ltda, c1986 a106.p. aEn : Fr Co 863 M15714aNOVELA LLANERA